| 000 | 00595nam a2200217 i 4500 | ||
|---|---|---|---|
| 001 | 40641 | ||
| 003 | ES-MaACL | ||
| 005 | 20231218200001.0 | ||
| 007 | t| | ||
| 008 | 030306s1975 mx ||||1| spa d | ||
| 080 | _a821.134.2-31"19" | ||
| 080 | _a929 Carreño, Mada (0:82) | ||
| 100 | 1 |
_aCarreño, Mada, _d1914-2000 _935619 |
|
| 245 | 1 | 4 |
_aLos diablos sueltos / _cMada Carreño. |
| 250 | _a1ª ed. | ||
| 260 |
_aMéxico : _bNovaro, _c[1975] |
||
| 300 |
_a349 p. ; _c21 cm. |
||
| 600 | 1 | 7 |
_aCarreño, Mada, _d1914-2000 _2embne _935619 |
| 852 | 4 |
_aES-MaACL _jE-7877 |
|
| 999 |
_c40641 _d40641 |
||